Taking cover against terror (Record no. 69022)
[ view plain ]
| 000 -LEADER | |
|---|---|
| fixed length control field | 01305cam a2200253 4500 |
| 001 - CONTROL NUMBER | |
| control field | ABS64808 |
| 008 - FIXED-LENGTH DATA ELEMENTS--GENERAL INFORMATION | |
| fixed length control field | 011204n2001 000 0 eng u |
| 035 ## - SYSTEM CONTROL NUMBER | |
| System control number | (Sirsi) u115857 |
| 100 ## - MAIN ENTRY--PERSONAL NAME | |
| Personal name | Morris, A. |
| 245 ## - TITLE STATEMENT | |
| Title | Taking cover against terror |
| 260 ## - PUBLICATION, DISTRIBUTION, ETC. | |
| Date of publication, distribution, etc. | 2001 |
| 490 ## - SERIES STATEMENT | |
| Series statement | Estates Gazette |
| Volume/sequential designation | (0144) 3 November 2001, 142-143(2) |
| 520 ## - SUMMARY, ETC. | |
| Summary, etc. | A mainly for students article which discusses how the property industry is taking a fresh look at terrorism insurance cover. The UK already has two separate schemes that provide compensation for property and works in the aftermath of terrorism. This article will consider the scheme applicable to mainland Britain - the Pool Reinsurance scheme. How this operates is that the insurance market provides cover; and government just plays a supporting role if there should ever be a shortfall of funds. By paying an additional premium, cover for damage caused by terrorism can be 'bought back'. Thus creating a mutual insurance pool, known as pool reinsurance, or just Pool Re. |
| 590 ## - LOCAL NOTE (RLIN) | |
| Local note | ABS |
| 650 ## - SUBJECT ADDED ENTRY--TOPICAL TERM | |
| Topical term or geographic name entry element | POOL REINSURANCE SCHEME |
| 650 ## - SUBJECT ADDED ENTRY--TOPICAL TERM | |
| Topical term or geographic name entry element | TERRORISM |
| 650 ## - SUBJECT ADDED ENTRY--TOPICAL TERM | |
| Topical term or geographic name entry element | DAMAGE |
| 650 ## - SUBJECT ADDED ENTRY--TOPICAL TERM | |
| Topical term or geographic name entry element | PROPERTY INDUSTRY |
| 650 ## - SUBJECT ADDED ENTRY--TOPICAL TERM | |
| Topical term or geographic name entry element | RETROCESSION AGREEMENTS |
| 650 ## - SUBJECT ADDED ENTRY--TOPICAL TERM | |
| Topical term or geographic name entry element | COMPENSATION |
| 650 ## - SUBJECT ADDED ENTRY--TOPICAL TERM | |
| Topical term or geographic name entry element | NORTHERN IRELAND |
| 690 ## - LOCAL SUBJECT ADDED ENTRY--TOPICAL TERM (OCLC, RLIN) | |
| Topical term or geographic name as entry element | Insurance |
| 9 (RLIN) | 6249 |
| 942 ## - ADDED ENTRY ELEMENTS (KOHA) | |
| Suppress in OPAC | 0 |
| Withdrawn status | Lost status | Source of classification or shelving scheme | Damaged status | Not for loan | Home library | Current library | Shelving location | Date acquired | Total Checkouts | Full call number | Barcode | Date last seen | Copy number | Price effective from | Koha item type |
|---|---|---|---|---|---|---|---|---|---|---|---|---|---|---|---|
| Dewey Decimal Classification | London | London | Journal article | 04/12/2001 | ABS64808 | 115857-1001 | 06/08/2019 | 1 | 06/08/2019 | Journal article |